00874nam a2200193Ia 4500008004100000020001500041050002100056082002500077100003500102245010300137260003300240300003300273500011300306504003300419505013100452650004500583650002100628650003100649120626s1997 mx 000 0 spa d a968240357X aLB1062bT67 1999 a370.157 bT689c 1999 aTorre, Saturnino de la eautor aCreatividad y formaciónb : identificación, diseño y evaluaciónc / Saturnino de la Torre aMéxicob : Trillasc, 1999 a217 páginasb : gráficas aReimpresión: 1999 Incluye: índice onomástico (pp. 211-212) Incluye: índice analítico (pp. 213-217) aBibliografía (pp. 207-210) aIdentificar la creatividad Persona y proceso creativos Polinizar la creatividad Evaluación y diagnóstico de la creatividad10aPENSAMIENTO CREADORxESTUDIO ENSEÑANZA10aAPTITUD CREADORA10aIMAGINACIÓN (PSICOLOGIA)